Introducción a las matemáticas universitarias

Guardat en:
Dades bibliogràfiques
Autors principals: Wisniewski, Piotr Marian (Autor), Gutiérrez Banegas, Ana Laura (Autor)
Format: Llibre
Idioma:espanyol
Publicat: Ciudad de México McGraw Hill Interamericana 2003
Col·lecció:Schaum
Matèries:
Etiquetes: Afegir etiqueta
Sense etiquetes, Sigues el primer a etiquetar aquest registre!

MARC

LEADER 00000nam a2200000 a 4500
001 UCM7589
003 CL-VaPUC
008 021227e20030000MX |||||||||||||||||spa|d
020 |a 9701039041 
082 0 4 |a 510  |b WIS  |2 21 
100 0 |a Wisniewski, Piotr Marian  |e author  |9 473241 
700 0 |a Gutiérrez Banegas, Ana Laura  |e author  |9 473242 
245 1 0 |a Introducción a las matemáticas universitarias 
300 |a 696 p 
942 |c BK 
945 |d 20021227 00:00:00  |a vberengu 
260 |a Ciudad de México  |b McGraw Hill Interamericana  |c 2003 
650 0 |a Matemática  |9 260235 
650 0 |a Teoría de conjuntos   |9 265668 
650 0 |a Teoría de números  |9 265327 
650 0 |a Números reales   |9 270334 
650 7 |a FUNCIONES LINEALES  |2 CL-VaPUC  |9 422404 
650 0 |a Polinomios  |9 270626 
650 0 |a Funciones exponenciales   |9 360716 
650 7 |a FUNCIONES LOGARITMICA  |2 CL-VaPUC  |9 473243 
650 0 |a Sucesiones   |9 393435 
650 0 |a Funciones trigonométricas   |9 421678 
650 0 |a Geometría analítica   |9 260062 
650 0 |a Cálculo diferencial   |9 260102 
650 0 |a Cálculo integral  |9 260103 
650 0 |a Probabilidades   |9 260199 
650 0 |a Geometría plana  |9 265855 
583 |a last modification  |c 20021227 00:00:00  |k Rodrigo Vera 
490 0 |a Schaum 
999 |c 302341  |d 302339 
952 |0 0  |1 0  |4 0  |6 510_000000000000000_WIS_2003  |7 0  |8 A  |9 362791  |a BIBMAT  |b BIBMAT  |d 2019-11-21  |i 3872580  |l 1  |o 510 WIS 2003  |p 3872580  |r 2025-01-07  |s 2025-01-03  |w 2019-11-21  |y BK  |k MAT 
952 |0 0  |1 0  |4 0  |6 510_000000000000000_WIS_2003  |7 0  |8 A  |9 362792  |a BIBMAT  |b BIBMAT  |d 2019-11-21  |i 3973719  |o 510 WIS 2003  |p 3973719  |r 2025-01-07  |w 2019-11-21  |y BK  |k MAT 
952 |0 0  |1 0  |4 0  |6 510_000000000000000_WIS_2003  |7 0  |8 A  |9 362793  |a BIBMAT  |b BIBMAT  |d 2019-11-21  |i 3973727  |o 510 WIS 2003  |p 3973727  |r 2025-01-07  |w 2019-11-21  |y BK  |k MAT 
952 |0 0  |1 0  |4 0  |6 510_000000000000000_WIS_2003  |7 0  |8 A  |9 362795  |a BIBMAT  |b BIBMAT  |d 2019-11-21  |i 4359062  |l 2  |m 1  |o 510 WIS 2003  |p 4359062  |r 2025-05-06  |s 2025-04-22  |w 2019-11-21  |y BK  |k MAT 
952 |0 0  |1 0  |4 0  |6 510_000000000000000_WIS_2003  |7 0  |8 A  |9 362797  |a BIBMAT  |b BIBMAT  |d 2019-11-21  |i 4359089  |o 510 WIS 2003  |p 4359089  |r 2025-01-07  |w 2019-11-21  |y BK  |k MAT 
952 |0 0  |1 0  |4 0  |6 510_000000000000000_WIS_2003  |7 0  |8 A  |9 362798  |a BIBMAT  |b BIBMAT  |d 2019-11-21  |i 4359097  |o 510 WIS 2003  |p 4359097  |r 2025-01-07  |w 2019-11-21  |y BK  |k MAT 
952 |0 0  |1 0  |4 0  |6 510_000000000000000_WIS_2003  |7 0  |8 A  |9 362799  |a BIBMAT  |b BIBMAT  |d 2019-11-21  |i 4429443  |o 510 WIS 2003  |p 4429443  |r 2025-01-07  |w 2019-11-21  |y BK  |k MAT 
952 |0 0  |1 0  |4 0  |6 510_000000000000000_WIS_2003  |7 0  |8 A  |9 362800  |a BIBMAT  |b BIBMAT  |d 2019-11-21  |i 4429451  |l 1  |o 510 WIS 2003  |p 4429451  |r 2025-01-07  |s 2025-01-03  |w 2019-11-21  |y BK  |k MAT 
952 |0 0  |1 0  |4 0  |6 510_000000000000000_WIS_2003  |7 0  |8 A  |9 362801  |a BIBMAT  |b BIBMAT  |d 2019-11-21  |i 442946K  |l 1  |o 510 WIS 2003  |p 442946K  |r 2025-01-07  |s 2025-01-03  |w 2019-11-21  |y BK  |k MAT 
952 |0 0  |1 0  |4 0  |6 510_000000000000000_WIS_2003  |7 0  |8 A  |9 362802  |a BIBMAT  |b BIBMAT  |d 2019-11-21  |i 4429478  |o 510 WIS 2003  |p 4429478  |r 2025-01-07  |w 2019-11-21  |y BK  |k MAT 
952 |0 0  |1 0  |4 0  |6 510_000000000000000_WIS_2003  |7 0  |8 A  |9 362803  |a BIBMAT  |b BIBMAT  |d 2019-11-21  |i 4429486  |o 510 WIS 2003  |p 4429486  |r 2025-01-07  |w 2019-11-21  |y BK  |k MAT